| 000 | 01741nam a2200517 i 4500 | ||
|---|---|---|---|
| 001 | 3977 | ||
| 003 | KOSZ 005 | ||
| 005 | 20200421071934.0 | ||
| 008 | 971010s1989 pl a |001 0 pol | ||
| 015 | _aUWD 1989/8211 | ||
| 020 | _a8301088141 | ||
| 035 | _a991002796909705066 | ||
| 035 | _a(PL-WaBN)b1076074x-48omnis_nlop | ||
| 035 | _ab1076074x | ||
| 035 | _a(OCoLC)749821243 | ||
| 035 | _a(PL)b0000001076074 | ||
| 035 | _a(EXLNZ-48OMNIS_NETWORK)9910100588505606 | ||
| 040 |
_aWA N _cWA N _dKOSZ 005/AR |
||
| 041 | 1 |
_apol _hger |
|
| 044 | _apl | ||
| 080 | _a577.1 | ||
| 080 | _a577.11/.12 | ||
| 100 | 1 |
_aJakubke, Hans-Dieter _eAutor |
|
| 245 | 1 | 0 |
_aAminokwasy, peptydy, białka / _cHans-Dieter Jakubke, Hans Jeschkeit ; tłumaczenie z niemieckiego Jan P. Morawiec. |
| 246 | 1 |
_iTytuł oryginalu : _aAminosäuren, Peptide, Proteins, _f1982 |
|
| 250 | _aWydanie 2 zmienione | ||
| 260 |
_aWarszawa : _bPaństwowe Wydawnctwo Naukowe, _c1989. |
||
| 300 |
_a442, [2] strony : _bilustracje ; _c24 cm. |
||
| 336 |
_aTekst _btxt _2rdacontent |
||
| 337 |
_aBez urządzenia pośredniczącego _bn _2rdamedia |
||
| 338 |
_aWolumin _bnc _2rdacarrier |
||
| 380 | _aKsiążki | ||
| 388 | _a1901-2000 | ||
| 388 | _a1945-1989 | ||
| 504 | _aBibliografia przy rozdziałach. Indeks. | ||
| 650 | 7 |
_aAminokwasy _2DBN |
|
| 650 | 2 | _aPeptydy | |
| 650 | 2 | _aBiałka | |
| 658 | _aChemia | ||
| 700 | 1 |
_aJeschkeit, Hans _eAutor |
|
| 700 | 1 |
_aMorawiec, Jan P. _eTłumaczenie |
|
| 710 |
_aPaństwowe Wydawnictwo Naukowe _4pbl |
||
| 856 |
_uhttp://koha.tu.koszalin.pl/cgi-bin/koha/opac-detail.pl?biblionumber=3977 _yKatalog online BPK |
||
| 942 |
_2UKD _cKS |
||
| 999 |
_c3977 _d3977 |
||